MLB Teams by Cap Logo - Statistics

General Stats
  • This quiz has been taken 2,213 times
  • The average score is 15 of 16
Answer Stats
Picture Answer % Correct
New York Yankees
99%
Boston Red Sox
95%
Chicago White Sox
95%
Los Angeles Dodgers
95%
Los Angeles Angels
94%
Chicago Cubs
92%
New York Mets
92%
Oakland Athletics
92%
Philadelphia Phillies
92%
Cincinnati Reds
91%
Arizona Diamondbacks
90%
Texas Rangers
90%
Detroit Tigers
89%
Atlanta Braves
88%
Colorado Rockies
88%
Milwaukee Brewers
88%
No matching quizzes found
Score Distribution
Percent of People with Each Score
Percentile by Number Answered
Your Score History
You have not taken this quiz